000 00560nam a2200181Ia 4500
008 240729s9999 xx 000 0 und d
022 _a2515-7639
245 0 _aJPhys Materials
260 _aUnited Kingdom
260 _bIOP Publishing
650 _a Electrical engineering. Electronics. Nuclear engineering
650 _a Materials of engineering and construction. Mechanics of materials | Science
650 _a Physics
650 _aTechnology
856 _uhttps://doaj.org/toc/d7aecd8737f34d6db62a64d6b6d3eb1e
942 _2ddc
942 _cDOAJEJ
999 _c73643
_d73643
945 _a1
_bMadushi Gamage
_c1
_dMadushi Gamage